[Event "DEM U10w 2021"]
[Site "Willingen GER"]
[Date "2021.08.23"]
[Round "2"]
[White "Meier, Viktoria"]
[Black "Kovalskyy, Alicia"]
[Result "1-0"]
[Termination "normal"]
[Board "4"]
[WhiteElo "1280"]
[BlackElo "1078"]
[WhiteClock "01:17:35"]
[BlackClock "00:48:56"]
[PlyCount "89"]
[WhiteFideId "34678298"]
[BlackFideId "34612130"]
[EventCountry "GER"]
[EventRounds "11"]
[EventType "swiss"]
[EventDate "2021.08.22"]

1. d4 {[%clk 01:15:56]} {[%emt 00:00:03]} d5 {[%clk 01:15:57]} {[%emt
00:00:04]} 2. Bf4 {[%clk 01:16:16]} {[%emt 00:00:10]} Bf5 {[%clk 01:16:17]}
{[%emt 00:00:10]} 3. e3 {[%clk 01:16:38]} {[%emt 00:00:08]} Nf6 {[%clk
01:16:41]} {[%emt 00:00:06]} 4. c4 {[%clk 01:17:03]} {[%emt 00:00:05]} e6
{[%clk 01:16:40]} {[%emt 00:00:30]} 5. Nc3 {[%clk 01:17:24]} {[%emt 00:00:10]}
Nbd7 {[%clk 01:16:32]} {[%emt 00:00:37]} 6. Nf3 {[%clk 01:17:44]} {[%emt
00:00:11]} Be7 {[%clk 01:16:14]} {[%emt 00:00:47]} 7. Qb3 {[%clk 01:17:54]}
{[%emt 00:00:21]} Rb8 {[%clk 01:16:13]} {[%emt 00:00:31]} 8. Nb5 {[%clk
01:17:55]} {[%emt 00:00:29]} Bd6 {[%clk 01:15:05]} {[%emt 00:01:38]} 9. Nxd6+
{[%clk 01:17:43]} {[%emt 00:00:42]} cxd6 {[%clk 01:15:21]} {[%emt 00:00:14]}
10. Bxd6 {[%clk 01:18:05]} {[%emt 00:00:07]} Rc8 {[%clk 01:14:49]} {[%emt
00:01:01]} 11. c5 {[%clk 01:17:58]} {[%emt 00:00:40]} b6 {[%clk 01:14:14]}
{[%emt 00:01:04]} 12. Ba6 {[%clk 01:17:52]} {[%emt 00:00:36]} Rc6 {[%clk
01:14:21]} {[%emt 00:00:23]} 13. Bb7 {[%clk 01:18:07]} {[%emt 00:00:15]} Rxd6
{[%clk 01:12:18]} {[%emt 00:02:31]} 14. cxd6 {[%clk 01:18:28]} {[%emt
00:00:10]} Qb8 {[%clk 01:12:12]} {[%emt 00:00:35]} 15. Bc6 {[%clk 01:17:58]}
{[%emt 00:01:02]} Qxd6 {[%clk 01:12:03]} {[%emt 00:00:39]} 16. Rc1 {[%clk
01:18:08]} {[%emt 00:00:20]} O-O {[%clk 01:11:32]} {[%emt 00:01:01]} 17. O-O
{[%clk 01:18:17]} {[%emt 00:00:21]} Be4 {[%clk 01:11:01]} {[%emt 00:01:01]} 18.
Qd1 {[%clk 01:17:53]} {[%emt 00:00:50]} Ng4 {[%clk 01:10:52]} {[%emt 00:00:42]}
19. g3 {[%clk 01:17:22]} {[%emt 00:01:02]} Nc5 {[%clk 01:10:08]} {[%emt
00:01:14]} 20. dxc5 {[%clk 01:17:02]} {[%emt 00:00:49]} Qxc6 {[%clk 01:10:11]}
{[%emt 00:00:29]} 21. Nd4 {[%clk 01:17:19]} {[%emt 00:00:12]} Qb7 {[%clk
01:08:15]} {[%emt 00:02:26]} 22. Qxg4 {[%clk 01:17:19]} {[%emt 00:00:30]} bxc5
{[%clk 01:07:55]} {[%emt 00:00:50]} 23. Nb3 {[%clk 01:17:09]} {[%emt 00:00:40]}
c4 {[%clk 01:07:56]} {[%emt 00:00:30]} 24. Nc5 {[%clk 01:16:58]} {[%emt
00:00:40]} Qxb2 {[%clk 01:08:07]} {[%emt 00:00:19]} 25. Nxe4 {[%clk 01:17:20]}
{[%emt 00:00:08]} f5 {[%clk 01:07:43]} {[%emt 00:00:54]} 26. Qd1 {[%clk
01:17:13]} {[%emt 00:00:37]} fxe4 {[%clk 01:07:19]} {[%emt 00:00:53]} 27. Qc2
{[%clk 01:17:07]} {[%emt 00:00:37]} Qf6 {[%clk 01:07:12]} {[%emt 00:00:37]} 28.
Qa4 {[%clk 01:17:15]} {[%emt 00:00:22]} Rf7 {[%clk 01:06:59]} {[%emt 00:00:39]}
29. Rb1 {[%clk 01:17:21]} {[%emt 00:00:26]} h6 {[%clk 01:06:34]} {[%emt
00:00:54]} 30. Rb8+ {[%clk 01:17:42]} {[%emt 00:00:12]} Kh7 {[%clk 01:06:13]}
{[%emt 00:00:49]} 31. Qa6 {[%clk 01:17:14]} {[%emt 00:01:00]} Rf8 {[%clk
01:03:40]} {[%emt 00:03:04]} 32. Rxf8 {[%clk 01:17:36]} {[%emt 00:00:08]} Qxf8
{[%clk 01:03:48]} {[%emt 00:00:21]} 33. Qxa7 {[%clk 01:17:54]} {[%emt
00:00:12]} c3 {[%clk 01:03:30]} {[%emt 00:00:48]} 34. Rc1 {[%clk 01:18:10]}
{[%emt 00:00:14]} Qb4 {[%clk 01:03:37]} {[%emt 00:00:23]} 35. Qd4 {[%clk
01:18:25]} {[%emt 00:00:15]} Qb2 {[%clk 01:01:05]} {[%emt 00:03:01]} 36. Rxc3
{[%clk 01:18:31]} {[%emt 00:00:25]} Qe2 {[%clk 00:56:27]} {[%emt 00:05:08]} 37.
Rc7 {[%clk 01:18:38]} {[%emt 00:00:22]} Qg4 {[%clk 00:55:27]} {[%emt 00:01:30]}
38. Qe5 {[%clk 01:17:06]} {[%emt 00:02:03]} h5 {[%clk 00:54:12]} {[%emt
00:01:44]} 39. h3 {[%clk 01:16:57]} {[%emt 00:00:40]} Qg6 {[%clk 00:52:46]}
{[%emt 00:01:56]} 40. h4 {[%clk 01:17:09]} {[%emt 00:00:17]} Qg4 {[%clk
00:52:32]} {[%emt 00:00:44]} 41. a4 {[%clk 01:17:29]} {[%emt 00:00:12]} Kg8
{[%clk 00:50:01]} {[%emt 00:02:59]} 42. Qg5 {[%clk 01:17:37]} {[%emt 00:00:23]}
Qd1+ {[%clk 00:49:19]} {[%emt 00:01:11]} 43. Kh2 {[%clk 01:17:47]} {[%emt
00:00:20]} Qa1 {[%clk 00:48:55]} {[%emt 00:00:54]} 44. Qxh5 {[%clk 01:17:35]}
{[%emt 00:00:43]} Qxa4 {[%clk 00:48:56]} {[%emt 00:00:29]} 45. Qf7+ {[%emt
00:00:21]} 1-0

[Event "DEM U10w 2021"]
[Site "Willingen GER"]
[Date "2021.08.23"]
[Round "2"]
[White "Mader, Theresa"]
[Black "Baihaghi, Aryana"]
[Result "0-1"]
[Termination "normal"]
[Board "5"]
[WhiteElo "1078"]
[BlackElo "1265"]
[WhiteClock "00:38:03"]
[BlackClock "00:45:07"]
[PlyCount "62"]
[WhiteFideId "34605657"]
[BlackFideId "34604960"]
[EventCountry "GER"]
[EventRounds "11"]
[EventType "swiss"]
[EventDate "2021.08.22"]

1. e4 {[%emt 00:00:02]} d5 {[%emt 00:00:12]} 2. Nc3 {[%clk 01:15:34]} {[%emt
00:00:11]} dxe4 {[%clk 01:14:32]} {[%emt 00:01:29]} 3. Nxe4 {[%clk 01:15:52]}
{[%emt 00:00:11]} Bf5 {[%clk 01:13:49]} {[%emt 00:01:14]} 4. Ng3 {[%clk
01:16:04]} {[%emt 00:00:17]} e6 {[%clk 01:12:46]} {[%emt 00:01:33]} 5. Nxf5
{[%clk 01:15:23]} {[%emt 00:01:11]} exf5 {[%clk 01:12:55]} {[%emt 00:00:16]} 6.
Bc4 {[%clk 01:15:04]} {[%emt 00:00:53]} Be7 {[%clk 01:12:08]} {[%emt 00:01:18]}
7. Nf3 {[%clk 01:14:26]} {[%emt 00:01:07]} Nf6 {[%clk 01:12:04]} {[%emt
00:00:35]} 8. d4 {[%clk 01:14:06]} {[%emt 00:00:50]} h6 {[%clk 01:11:42]}
{[%emt 00:00:52]} 9. Bf4 {[%clk 01:13:13]} {[%emt 00:01:23]} O-O {[%clk
01:11:12]} {[%emt 00:01:01]} 10. Qd2 {[%clk 01:11:44]} {[%emt 00:01:57]} Re8
{[%clk 01:09:55]} {[%emt 00:01:42]} 11. O-O {[%clk 01:07:40]} {[%emt 00:04:39]}
Nc6 {[%clk 01:08:43]} {[%emt 00:01:44]} 12. c3 {[%clk 01:05:22]} {[%emt
00:02:47]} Bd6 {[%clk 01:06:24]} {[%emt 00:02:49]} 13. Rae1 {[%clk 01:02:39]}
{[%emt 00:03:12]} Ne4 {[%clk 01:05:53]} {[%emt 00:01:02]} 14. Qc1 {[%clk
00:59:54]} {[%emt 00:03:15]} Ne7 {[%clk 01:03:18]} {[%emt 00:03:06]} 15. Ne5
{[%clk 00:57:50]} {[%emt 00:02:34]} Bxe5 {[%clk 01:02:27]} {[%emt 00:01:21]}
16. Bxe5 {[%clk 00:57:42]} {[%emt 00:00:37]} Ng6 {[%clk 01:01:57]} {[%emt
00:01:00]} 17. Bf4 {[%clk 00:55:47]} {[%emt 00:02:24]} c5 {[%clk 00:55:21]}
{[%emt 00:07:08]} 18. Rd1 {[%clk 00:52:55]} {[%emt 00:03:21]} cxd4 {[%clk
00:51:13]} {[%emt 00:04:38]} 19. Rxd4 {[%clk 00:51:04]} {[%emt 00:02:20]} Qb6
{[%clk 00:51:25]} {[%emt 00:00:19]} 20. Rd7 {[%clk 00:48:29]} {[%emt 00:03:04]}
Nh4 {[%clk 00:48:53]} {[%emt 00:03:03]} 21. Bxf7+ {[%clk 00:48:24]} {[%emt
00:00:34]} Kh8 {[%clk 00:48:38]} {[%emt 00:00:46]} 22. Bxe8 {[%clk 00:47:55]}
{[%emt 00:00:58]} Rxe8 {[%clk 00:48:42]} {[%emt 00:00:27]} 23. Be3 {[%clk
00:46:03]} {[%emt 00:02:22]} Qc6 {[%clk 00:48:44]} {[%emt 00:00:29]} 24. Rd4
{[%clk 00:44:49]} {[%emt 00:01:44]} Nxc3 {[%clk 00:48:21]} {[%emt 00:00:52]}
25. f3 {[%clk 00:43:05]} {[%emt 00:02:13]} Ne2+ {[%clk 00:47:53]} {[%emt
00:00:59]} 26. Kh1 {[%clk 00:42:45]} {[%emt 00:00:51]} Nxc1 {[%clk 00:47:36]}
{[%emt 00:00:45]} 27. Bxc1 {[%clk 00:42:22]} {[%emt 00:00:54]} Qf6 {[%clk
00:46:40]} {[%emt 00:01:27]} 28. Rdd1 {[%clk 00:41:35]} {[%emt 00:01:16]} Re2
{[%clk 00:45:42]} {[%emt 00:01:29]} 29. Rg1 {[%clk 00:40:56]} {[%emt 00:01:08]}
Qg6 {[%clk 00:45:43]} {[%emt 00:00:30]} 30. g3 {[%clk 00:38:22]} {[%emt
00:03:04]} Nxf3 {[%clk 00:45:07]} {[%emt 00:01:06]} 31. Rgf1 {[%clk 00:38:03]}
{[%emt 00:00:48]} Rxh2# {[%emt 00:00:22]} 0-1

[Event "DEM U10w 2021"]
[Site "Willingen GER"]
[Date "2021.08.23"]
[Round "2"]
[White "Peglau, Lorena"]
[Black "Will, Elina"]
[Result "1-0"]
[Termination "normal"]
[Board "6"]
[WhiteElo "1005"]
[BlackElo "1181"]
[WhiteClock "00:53:40"]
[BlackClock "00:26:32"]
[PlyCount "60"]
[WhiteFideId "16290542"]
[BlackFideId "34623434"]
[EventCountry "GER"]
[EventRounds "11"]
[EventType "swiss"]
[EventDate "2021.08.22"]

1. d4 {[%clk 01:15:48]} {[%emt 00:00:11]} d5 {[%clk 01:15:52]} {[%emt
00:00:08]} 2. Nf3 {[%clk 01:16:07]} {[%emt 00:00:10]} Nc6 {[%clk 01:15:48]}
{[%emt 00:00:35]} 3. Bf4 {[%clk 01:16:21]} {[%emt 00:00:17]} Bf5 {[%clk
01:15:34]} {[%emt 00:00:43]} 4. e3 {[%clk 01:16:40]} {[%emt 00:00:11]} e6
{[%clk 01:14:41]} {[%emt 00:01:24]} 5. c4 {[%clk 01:17:00]} {[%emt 00:00:09]}
Nb4 {[%clk 01:14:10]} {[%emt 00:01:01]} 6. Qa4+ {[%clk 01:16:23]} {[%emt
00:01:08]} c6 {[%clk 01:14:14]} {[%emt 00:00:26]} 7. Na3 {[%clk 01:15:27]}
{[%emt 00:01:26]} Bd3 {[%clk 01:08:51]} {[%emt 00:05:51]} 8. Nd2 {[%clk
01:13:43]} {[%emt 00:02:15]} Bxf1 {[%clk 01:08:12]} {[%emt 00:01:09]} 9. Rxf1
{[%clk 01:13:22]} {[%emt 00:00:50]} Nd3+ {[%clk 01:07:54]} {[%emt 00:00:49]}
10. Ke2 {[%clk 01:13:13]} {[%emt 00:00:39]} Nxf4+ {[%clk 01:07:22]} {[%emt
00:01:02]} 11. exf4 {[%clk 01:13:21]} {[%emt 00:00:22]} Nf6 {[%emt 00:08:53]}
12. Rfd1 {[%clk 01:10:44]} {[%emt 00:00:48]} Bd6 {[%clk 00:55:50]} {[%emt
00:05:57]} 13. g3 {[%clk 01:07:24]} {[%emt 00:03:51]} O-O {[%clk 00:52:37]}
{[%emt 00:03:42]} 14. cxd5 {[%clk 01:06:29]} {[%emt 00:01:26]} exd5 {[%emt
00:00:10]} 15. Kf1 {[%emt 00:00:45]} Qd7 {[%clk 00:50:05]} {[%emt 00:02:06]}
16. Kg2 {[%clk 01:03:12]} {[%emt 00:03:48]} Qg4 {[%clk 00:48:08]} {[%emt
00:02:27]} 17. Qb3 {[%clk 01:02:37]} {[%emt 00:01:06]} Bxf4 {[%clk 00:44:26]}
{[%emt 00:04:11]} 18. Qf3 {[%clk 01:02:35]} {[%emt 00:00:32]} Bxd2 {[%clk
00:43:33]} {[%emt 00:01:22]} 19. Qxg4 {[%clk 01:02:24]} {[%emt 00:00:43]} Nxg4
{[%clk 00:43:53]} {[%emt 00:00:08]} 20. Rxd2 {[%clk 01:02:42]} {[%emt
00:00:13]} f5 {[%clk 00:37:16]} {[%emt 00:07:08]} 21. Re1 {[%clk 01:01:42]}
{[%emt 00:01:26]} f4 {[%clk 00:36:06]} {[%emt 00:01:43]} 22. Nc2 {[%clk
01:01:14]} {[%emt 00:00:58]} fxg3 {[%clk 00:35:16]} {[%emt 00:01:19]} 23. fxg3
{[%clk 01:01:02]} {[%emt 00:00:43]} Rf7 {[%clk 00:35:24]} {[%emt 00:00:22]} 24.
Ree2 {[%clk 01:00:32]} {[%emt 00:01:01]} Raf8 {[%clk 00:35:20]} {[%emt
00:00:33]} 25. a3 {[%clk 01:00:02]} {[%emt 00:01:00]} h5 {[%clk 00:33:54]}
{[%emt 00:01:55]} 26. h4 {[%clk 00:58:47]} {[%emt 00:01:47]} g6 {[%clk
00:33:17]} {[%emt 00:00:54]} 27. Ne1 {[%clk 00:57:47]} {[%emt 00:01:42]} Rf3
{[%clk 00:32:44]} {[%emt 00:01:02]} 28. Nxf3 {[%clk 00:55:47]} {[%emt
00:02:31]} Rf7 {[%clk 00:26:26]} {[%emt 00:06:48]} 29. Ne5 {[%clk 00:53:39]}
{[%emt 00:02:38]} Rg7 {[%clk 00:26:15]} {[%emt 00:00:40]} 30. Nxg4 {[%clk
00:53:40]} {[%emt 00:00:30]} hxg4 {[%clk 00:26:32]} {[%emt 00:00:11]} 1-0

[Event "DEM U10w 2021"]
[Site "Willingen GER"]
[Date "2021.08.23"]
[Round "2"]
[White "Mehner, Clara"]
[Black "Hefele, Stefanie"]
[Result "0-1"]
[Termination "normal"]
[Board "7"]
[WhiteElo "1159"]
[BlackElo "1044"]
[WhiteClock "00:17:23"]
[BlackClock "00:51:49"]
[PlyCount "52"]
[WhiteFideId "34612165"]
[BlackFideId "34612041"]
[EventCountry "GER"]
[EventRounds "11"]
[EventType "swiss"]
[EventDate "2021.08.22"]

1. e4 {[%clk 01:15:58]} e5 {[%clk 01:15:48]} {[%emt 00:00:12]} 2. Nf3 {[%clk
01:16:23]} {[%emt 00:00:06]} Nc6 {[%clk 01:16:04]} {[%emt 00:00:13]} 3. Bc4
{[%clk 01:16:37]} {[%emt 00:00:17]} Bc5 {[%clk 01:16:13]} {[%emt 00:00:21]} 4.
c3 {[%clk 01:16:39]} {[%emt 00:00:28]} Nf6 {[%clk 01:16:27]} {[%emt 00:00:16]}
5. d3 {[%clk 01:16:32]} {[%emt 00:00:37]} d6 {[%clk 01:16:30]} {[%emt
00:00:27]} 6. Nbd2 {[%clk 01:16:31]} {[%emt 00:00:31]} Qe7 {[%clk 01:15:49]}
{[%emt 00:01:10]} 7. Nf1 {[%clk 01:16:08]} {[%emt 00:00:55]} Bg4 {[%clk
01:15:05]} {[%emt 00:01:13]} 8. Ng3 {[%clk 01:15:36]} {[%emt 00:01:01]} O-O-O
{[%clk 01:15:00]} {[%emt 00:00:35]} 9. Bg5 {[%clk 01:11:52]} {[%emt 00:04:15]}
h6 {[%clk 01:14:57]} {[%emt 00:00:32]} 10. Be3 {[%clk 01:11:55]} {[%emt
00:00:27]} d5 {[%clk 01:11:06]} {[%emt 00:04:21]} 11. Bxc5 {[%clk 01:08:19]}
{[%emt 00:04:08]} Qxc5 {[%clk 01:10:36]} {[%emt 00:00:58]} 12. exd5 {[%clk
01:07:29]} {[%emt 00:01:20]} Nxd5 {[%clk 01:10:23]} {[%emt 00:00:42]} 13. h3
{[%clk 01:03:51]} {[%emt 00:04:10]} Bxf3 {[%clk 01:07:00]} {[%emt 00:03:53]}
14. Qxf3 {[%clk 01:03:30]} {[%emt 00:00:51]} f6 {[%clk 01:06:23]} {[%emt
00:01:07]} 15. Nf5 {[%clk 00:55:15]} {[%emt 00:08:45]} g6 {[%clk 01:04:31]}
{[%emt 00:02:21]} 16. Nh4 {[%clk 00:53:34]} {[%emt 00:02:11]} g5 {[%clk
01:03:35]} {[%emt 00:01:26]} 17. Nf5 {[%clk 00:53:17]} {[%emt 00:00:47]} Rhe8
{[%clk 01:03:23]} {[%emt 00:00:42]} 18. O-O {[%clk 00:49:02]} {[%emt 00:04:46]}
Nf4 {[%clk 01:02:12]} {[%emt 00:01:41]} 19. Nxh6 {[%clk 00:47:39]} {[%emt
00:01:53]} e4 {[%clk 01:02:04]} {[%emt 00:00:37]} 20. Qg4+ {[%clk 00:35:21]}
{[%emt 00:12:49]} Kb8 {[%clk 01:00:41]} {[%emt 00:01:53]} 21. Nf7 {[%clk
00:32:15]} {[%emt 00:03:36]} Rc8 {[%clk 00:58:55]} {[%emt 00:02:16]} 22. Rad1
{[%clk 00:29:15]} {[%emt 00:03:30]} Ne5 {[%clk 00:57:47]} {[%emt 00:01:37]} 23.
Qf5 {[%clk 00:23:58]} {[%emt 00:05:45]} Nf3+ {[%clk 00:52:29]} {[%emt
00:05:51]} 24. gxf3 {[%clk 00:22:55]} {[%emt 00:01:33]} Qxf5 {[%clk 00:52:36]}
{[%emt 00:00:23]} 25. fxe4 {[%clk 00:19:26]} {[%emt 00:03:58]} Qxh3 {[%clk
00:52:16]} {[%emt 00:00:50]} 26. Be6 {[%clk 00:17:23]} {[%emt 00:02:34]} Ne2#
{[%clk 00:51:49]} {[%emt 00:00:21]} 0-1

[Event "DEM U10w 2021"]
[Site "Willingen GER"]
[Date "2021.08.23"]
[Round "2"]
[White "Wagner, Cosima"]
[Black "Amrhein, Yana"]
[Result "1-0"]
[Termination "normal"]
[Board "9"]
[WhiteElo "1110"]
[BlackElo "735"]
[WhiteClock "01:10:01"]
[BlackClock "01:13:58"]
[PlyCount "61"]
[WhiteFideId "34603484"]
[BlackFideId "34638253"]
[EventCountry "GER"]
[EventRounds "11"]
[EventType "swiss"]
[EventDate "2021.08.22"]

1. e4 {[%clk 01:15:57]} {[%emt 00:00:02]} d6 {[%clk 01:15:43]} {[%emt
00:00:10]} 2. d4 {[%clk 01:16:25]} {[%emt 00:00:10]} Nf6 {[%clk 01:16:01]}
{[%emt 00:00:12]} 3. Nc3 {[%clk 01:16:48]} {[%emt 00:00:07]} g6 {[%clk
01:16:13]} {[%emt 00:00:17]} 4. f4 {[%clk 01:17:14]} {[%emt 00:00:05]} Bg7
{[%clk 01:16:09]} {[%emt 00:00:34]} 5. Nf3 {[%clk 01:17:19]} {[%emt 00:00:25]}
c6 {[%clk 01:16:33]} {[%emt 00:00:05]} 6. e5 {[%clk 01:17:05]} {[%emt
00:00:45]} dxe5 {[%clk 01:16:51]} {[%emt 00:00:11]} 7. fxe5 {[%clk 01:17:28]}
{[%emt 00:00:08]} Nfd7 {[%clk 01:16:32]} {[%emt 00:00:17]} 8. Bc4 {[%clk
01:17:19]} {[%emt 00:01:11]} b5 {[%clk 01:16:36]} {[%emt 00:00:25]} 9. Bb3
{[%clk 01:17:20]} {[%emt 00:00:29]} a5 {[%clk 01:16:36]} {[%emt 00:00:31]} 10.
a4 {[%clk 01:17:29]} {[%emt 00:00:21]} b4 {[%clk 01:16:33]} {[%emt 00:00:32]}
11. Ne2 {[%clk 01:17:24]} {[%emt 00:00:36]} O-O {[%clk 01:15:45]} {[%emt
00:01:10]} 12. O-O {[%clk 01:17:02]} {[%emt 00:01:00]} Na6 {[%clk 01:15:47]}
{[%emt 00:00:29]} 13. Ng5 {[%clk 01:15:41]} {[%emt 00:01:50]} e6 {[%clk
01:15:49]} {[%emt 00:00:27]} 14. Ng3 {[%clk 01:14:44]} {[%emt 00:01:28]} h6
{[%clk 01:15:41]} {[%emt 00:00:37]} 15. N5e4 {[%clk 01:13:48]} {[%emt
00:01:27]} Nc7 {[%clk 01:15:44]} {[%emt 00:00:27]} 16. Qf3 {[%clk 01:13:34]}
{[%emt 00:00:44]} Ba6 {[%clk 01:15:29]} {[%emt 00:00:45]} 17. Rf2 {[%clk
01:13:28]} {[%emt 00:00:36]} Bb7 {[%clk 01:15:16]} {[%emt 00:00:42]} 18. Nd6
{[%clk 01:12:47]} {[%emt 00:01:12]} f6 {[%clk 01:13:42]} {[%emt 00:02:03]} 19.
Nxb7 {[%clk 01:11:07]} {[%emt 00:02:10]} Qe7 {[%clk 01:13:49]} {[%emt
00:00:23]} 20. Qg4 {[%clk 01:09:13]} {[%emt 00:02:25]} Rab8 {[%clk 01:13:50]}
{[%emt 00:00:29]} 21. Nd6 {[%clk 01:09:28]} {[%emt 00:00:15]} fxe5 {[%emt
00:00:17]} 22. dxe5 {[%emt 00:00:40]} Bxe5 {[%clk 01:13:05]} {[%emt 00:00:18]}
23. Qxg6+ {[%clk 01:09:17]} {[%emt 00:00:41]} Bg7 {[%clk 01:12:50]} {[%emt
00:00:41]} 24. Bxh6 {[%emt 00:01:28]} Rxf2 {[%clk 01:12:46]} {[%emt 00:00:02]}
25. Kxf2 {[%clk 01:08:57]} {[%emt 00:00:29]} Rf8+ {[%clk 01:13:03]} {[%emt
00:00:12]} 26. Kg1 {[%clk 01:08:53]} {[%emt 00:00:33]} Qf6 {[%clk 01:12:45]}
{[%emt 00:00:47]} 27. Qxf6 {[%clk 01:09:09]} {[%emt 00:00:16]} Rxf6 {[%clk
01:13:04]} {[%emt 00:00:11]} 28. Bxg7 {[%clk 01:09:19]} {[%emt 00:00:20]} Kxg7
{[%clk 01:13:18]} {[%emt 00:00:16]} 29. Nh5+ {[%clk 01:09:42]} {[%emt
00:00:07]} Kg6 {[%clk 01:13:36]} {[%emt 00:00:12]} 30. Nxf6 {[%emt 00:00:14]}
Nxf6 {[%clk 01:13:58]} {[%emt 00:00:06]} 31. Re1 {[%clk 01:10:01]} {[%emt
00:00:29]} 1-0

[Event "DEM U10w 2021"]
[Site "Willingen GER"]
[Date "2021.08.23"]
[Round "2"]
[White "Leicher, Anna"]
[Black "Rössling, Laura Marie"]
[Result "1-0"]
[Termination "normal"]
[Board "10"]
[WhiteElo "1249"]
[BlackElo "1094"]
[WhiteClock "01:02:16"]
[BlackClock "00:21:32"]
[PlyCount "81"]
[WhiteFideId "34614966"]
[BlackFideId "16289471"]
[EventCountry "GER"]
[EventRounds "11"]
[EventType "swiss"]
[EventDate "2021.08.22"]

1. e4 {[%clk 01:15:23]} {[%emt 00:00:02]} e5 {[%clk 01:15:58]} {[%emt
00:00:38]} 2. Nf3 {[%clk 01:15:47]} {[%emt 00:00:05]} Nc6 {[%clk 01:16:21]}
{[%emt 00:00:07]} 3. Bc4 {[%clk 01:16:16]} {[%emt 00:00:02]} Bc5 {[%clk
01:16:41]} {[%emt 00:00:09]} 4. O-O {[%clk 01:16:38]} {[%emt 00:00:07]} Nf6
{[%clk 01:16:58]} {[%emt 00:00:13]} 5. d3 {[%clk 01:16:59]} {[%emt 00:00:09]}
h6 {[%clk 01:17:05]} {[%emt 00:00:24]} 6. Nc3 {[%clk 01:16:54]} {[%emt
00:00:35]} O-O {[%clk 01:17:13]} {[%emt 00:00:22]} 7. Be3 {[%clk 01:17:16]}
{[%emt 00:00:08]} b6 {[%clk 01:16:55]} {[%emt 00:00:48]} 8. Nd5 {[%clk
01:17:18]} {[%emt 00:00:28]} d6 {[%emt 00:01:51]} 9. h3 {[%clk 01:17:01]}
{[%emt 00:00:20]} Be6 {[%clk 01:14:41]} {[%emt 00:01:50]} 10. Bb3 {[%clk
01:15:58]} {[%emt 00:01:33]} Nd4 {[%clk 01:03:38]} {[%emt 00:11:33]} 11. Nc3
{[%clk 01:13:29]} {[%emt 00:02:58]} Nxb3 {[%clk 01:00:12]} {[%emt 00:03:57]}
12. axb3 {[%clk 01:13:12]} {[%emt 00:00:47]} d5 {[%emt 00:05:42]} 13. Bxc5
{[%clk 01:10:39]} {[%emt 00:00:52]} bxc5 {[%clk 00:57:10]} {[%emt 00:00:31]}
14. Nxe5 {[%clk 01:10:55]} {[%emt 00:00:13]} Re8 {[%clk 00:53:16]} {[%emt
00:04:26]} 15. Nc6 {[%clk 01:09:55]} {[%emt 00:01:29]} Qd7 {[%clk 00:52:42]}
{[%emt 00:01:03]} 16. Nxa7 {[%clk 01:09:19]} {[%emt 00:01:06]} Bxh3 {[%clk
00:52:27]} {[%emt 00:00:46]} 17. gxh3 {[%clk 01:06:52]} {[%emt 00:02:55]} Qxh3
{[%clk 00:51:15]} {[%emt 00:01:43]} 18. Qd2 {[%clk 01:05:41]} {[%emt 00:01:38]}
Re5 {[%clk 00:51:17]} {[%emt 00:00:31]} 19. f4 {[%clk 01:05:37]} {[%emt
00:00:34]} Rh5 {[%clk 00:51:34]} {[%emt 00:00:14]} 20. Qg2 {[%clk 01:05:31]}
{[%emt 00:00:32]} g5 {[%clk 00:51:12]} {[%emt 00:00:55]} 21. Qxh3 {[%clk
01:05:44]} {[%emt 00:00:16]} Rxh3 {[%clk 00:51:25]} {[%emt 00:00:19]} 22. fxg5
{[%clk 01:05:20]} {[%emt 00:00:53]} Ng4 {[%clk 00:50:05]} {[%emt 00:01:52]} 23.
Kg2 {[%clk 01:05:26]} {[%emt 00:00:23]} Rh2+ {[%clk 00:49:43]} {[%emt
00:00:51]} 24. Kg3 {[%clk 01:05:46]} {[%emt 00:00:09]} h5 {[%clk 00:49:44]}
{[%emt 00:00:31]} 25. Nc6 {[%clk 01:05:22]} {[%emt 00:00:54]} Rxa1 {[%clk
00:49:48]} {[%emt 00:00:26]} 26. Rxa1 {[%clk 01:04:25]} {[%emt 00:01:26]} Kg7
{[%clk 00:49:07]} {[%emt 00:01:12]} 27. Nxd5 {[%clk 01:04:00]} {[%emt
00:00:53]} Rxc2 {[%clk 00:48:29]} {[%emt 00:01:07]} 28. Rh1 {[%clk 01:03:10]}
{[%emt 00:01:19]} Kg6 {[%clk 00:47:32]} {[%emt 00:01:31]} 29. Nf4+ {[%clk
01:01:50]} {[%emt 00:01:50]} Kg7 {[%clk 00:45:57]} {[%emt 00:02:03]} 30. Nxh5+
{[%clk 01:00:53]} {[%emt 00:01:27]} Kg6 {[%clk 00:46:04]} {[%emt 00:00:24]} 31.
Kxg4 {[%clk 01:01:10]} {[%emt 00:00:13]} Rg2+ {[%clk 00:46:19]} {[%emt
00:00:16]} 32. Ng3 {[%clk 01:01:21]} {[%emt 00:00:19]} f6 {[%clk 00:45:41]}
{[%emt 00:01:08]} 33. Rh6+ {[%clk 01:01:36]} {[%emt 00:00:15]} Kg7 {[%clk
00:45:20]} {[%emt 00:00:51]} 34. Rxf6 {[%clk 01:01:48]} {[%emt 00:00:17]} Kh7
{[%clk 00:45:12]} {[%emt 00:00:37]} 35. Kf3 {[%clk 01:01:56]} {[%emt 00:00:23]}
Rh2 {[%clk 00:44:59]} {[%emt 00:00:42]} 36. e5 {[%clk 01:02:14]} {[%emt
00:00:14]} Rxb2 {[%clk 00:37:39]} {[%emt 00:07:49]} 37. g6+ {[%clk 01:02:25]}
{[%emt 00:00:18]} Kg7 {[%clk 00:37:35]} {[%emt 00:00:36]} 38. Nh5+ {[%clk
01:02:43]} {[%emt 00:00:10]} Kh6 {[%clk 00:24:41]} {[%emt 00:13:26]} 39. g7+
{[%clk 01:02:05]} {[%emt 00:01:07]} Kg5 {[%clk 00:21:27]} {[%emt 00:03:44]} 40.
g8=Q+ {[%clk 01:02:05]} {[%emt 00:00:30]} Kxh5 {[%clk 00:21:32]} {[%emt
00:00:26]} 41. Qg4# {[%clk 01:02:16]} {[%emt 00:00:16]} 1-0